000 00234nam a2200097Ia 4500
008 230915s9999 xx 000 0 und d
050 _aHF 5635 .N44 1995
100 _aNEEDLES ,BELVERD E.
245 0 _aFINANCIAL ACCOUNTING
942 _cBK
999 _c82286
_d82286